Harry Potter Actors/actresses by different movies - Statistics

General Stats
  • This quiz has been taken 209 times
  • The average score is 5 of 12
Answer Stats
Hint Answer % Correct
beauty and the beast emma watson
95%
the woman in black daniel radcliff
81%
alice in wonderland helena bonham carter
57%
alice in wonderland alan rickman
54%
snatch rupert grint
51%
rise of the planet of the apes tom felton
42%
nanny mcphee returns maggie smith
41%
sleepy hollow 1999 michael gambon
29%
doctor who nightmare in silver warwick davis
10%
merlin the series john hurt
6%
star wars the force awakens domhnal gleeson
3%
wrath/clash of the titans ralph fiennis
2%
No matching quizzes found
Score Distribution
Percent of People with Each Score
Percentile by Number Answered
Your Score History
You have not taken this quiz